| 000 | 00511nam a2200193Ia 4500 | ||
|---|---|---|---|
| 005 | 20250508154112.0 | ||
| 008 | 008 250505s9999 xx 000 0 eng d | ||
| 037 | _aTextual | ||
| 040 |
_aFEDL _beng _cFEDL |
||
| 041 |
_aeng _2eng |
||
| 084 |
_a128.2, HOO _qFEDL |
||
| 100 | _aHook Sidney | ||
| 245 | 0 | _aDimensions of mind: A symposium | |
| 260 |
_aNew York, USA _bCollier Books _c1960 |
||
| 300 | _a250p. | ||
| 650 | _aPhilosophy | ||
| 942 |
_cTEXL _h128.2, HOO |
||
| 999 |
_c1347645 _d1347645 |
||